000 01128cam a22002771i 4500
003 SA-RiAUC
005 20250511065016.0
008 250427s1991 le g b 000k0cara c
040 _aSA-RiAUC
_bara
_cSA-RiAUC
_erda
082 0 4 _a257.1
090 _a257.1
_bا ب ن ك
100 1 _aابن كنان، محمد بن عيسى بن محمود،
_d1074-1153 هجري
_eمؤلف.
245 1 0 _aحدائق الياسمين في ذكر قوانين الخلفاء والسلاطين /
_cمحمد بن عيسى بن كنان ؛ تحقيق عباس صباغ.
250 _aالطبعة الأولى.
264 1 _aبيروت :
_bدار النفائس،
_c1991
300 _a287 صفحة ؛
_c24 سم
336 _aنص
_btxt
_2rdacontent
_3كتاب
337 _aبدون وسيط
_bn
_2rdamedia
338 _aمجلد
_bnc
_2rdacarrier
500 _aيشتمل على كشافات.
504 _aببليوجرافية : صفحة 247-255.
650 7 _aالنظام السياسي في الإسلام
_2aucsh
700 1 _aصباغ، عباس
_eمحقق.
942 _2ddc
_cBOOK
_n0
949 _aSA-JeALM
_d250427
_umohamedma123
_n1
999 _c7804
_d7804